LEADER 02987nam 22008175 450 001 9910450927503321 005 20210114044022.0 010 $a1-281-36304-9 010 $a9786611363048 010 $a0-230-60484-6 024 7 $a10.1057/9780230604841 035 $a(CKB)1000000000342415 035 $a(EBL)307984 035 $a(OCoLC)647663071 035 $a(SSID)ssj0001617540 035 $a(PQKBManifestationID)16347550 035 $a(PQKBTitleCode)TC0001617540 035 $a(PQKBWorkID)14921842 035 $a(PQKB)11612343 035 $a(DE-He213)978-0-230-60484-1 035 $a(MiAaPQ)EBC307984 035 $a(EXLCZ)991000000000342415 100 $a20151222d2007 u| 0 101 0 $aeng 135 $aur|n|---||||| 181 $ctxt 182 $cc 183 $acr 200 10$aModern Jewish Women Writers in America$b[electronic resource] /$fedited by Evelyn Avery 210 1$aNew York :$cPalgrave Macmillan US :$cImprint: Palgrave Macmillan,$d2007. 215 $a1 online resource (289 p.) 300 $aDescription based upon print version of record. 311 $a1-349-53802-7 311 $a1-4039-7799-2 327 $aCover; Table of Contents; Preface; Modern Jewish Women Writers in America: An Introduction; I: The Early Years-In Search of the Promised Land: 1910s-1950s; II: The Roads Diverge-Assimilation and Its Discontents: 1960s-1990s; III: The Covenant Confirmed? 1990s-2000; IV: Into the Twenty-First Century: The Pendulum Swings; Select Annotated Bibliography of Contemporary Jewish American Women Writers; Contributors; Index 330 $aThis collection includes groundbreaking essays, and interviews with scholars and writers which reveal that despite pressures of assimilation, personal goals, and in some cases, anti-Semitism, they have never been able to divorce their lives or literature from their heritage. 606 $aSocial sciences 606 $aTheology 606 $aJudaism 606 $aLiterature 606 $aSociology 606 $aSex (Psychology) 606 $aGender expression 606 $aGender identity 606 $aSocial Sciences 606 $aGender Studies 606 $aChristian Theology 606 $aLiterature, general 606 $aJudaism 606 $aNorth American Literature 607 $aAmerica$xLiteratures 615 0$aSocial sciences. 615 0$aTheology. 615 0$aJudaism. 615 0$aLiterature. 615 0$aSociology. 615 0$aSex (Psychology). 615 0$aGender expression. 615 0$aGender identity. 615 14$aSocial Sciences. 615 24$aGender Studies. 615 24$aChristian Theology. 615 24$aLiterature, general. 615 24$aJudaism. 615 24$aNorth American Literature. 676 $a810.98924 702 $aAvery$b Evelyn 906 $aBOOK 912 $a9910450927503321 996 $aModern Jewish Women Writers in America$92096167 997 $aUNINA LEADER 14471nam 2202233 450 001 9910824110003321 005 20230730072725.0 010 $a1-63853-504-3 010 $a1-62623-751-4 024 7 $a10.1055/b-004-140252 035 $a(CKB)3710000001100951 035 $a(Au-PeEL)EBL4822568 035 $a(CaPaEBR)ebr11447940 035 $a(OCoLC)1005620443 035 $a10.1055-b-004-140252 035 $a(DE-2912)1495652828401 035 $a(MiAaPQ)EBC4822568 035 $a(EXLCZ)993710000001100951 100 $a20171009h20162016 uy| 0 101 0 $aeng 135 $aurcn#nnn||||| 181 $ctxt$2rdacontent 182 $cc$2rdamedia 183 $acr$2rdacarrier 200 10$aComprehensive Cleft Care, Volume 1 $eNonsurgical /$fby: Losee, Joseph E., Kirschner, Richard E. 205 $aSecond edition. 210 1$aNew York, NY :$cThieme,$d[2016] 210 4$dİ2016 215 $a1 online resource (xxxiii, 728, 4, 33 pages) $ccolor illustrations 225 0 $aComprehensive Cleft Care. 300 $aPrevious edition: 2009. 311 $a1-62623-664-X 320 $aIncludes bibliographical references and index. 330 $aThis book (second edition) attempts to cover all the scientific and clinical disciplines related to cleft care, which is indeed a wide remit. It ably achieves its aims.... It is an enjoyable and very comprehensive read, being well written, presented, illustrated and organized. -- PMFA News Comprehensive Cleft Care is a complete clinical reference that addresses every aspect of the life-long care required by patients with orofacial clefting. Supported by a handsome full-color presentation, Comprehensive Cleft Care features heavily-illustrated chapters that provide unmatched coverage of everything from prenatal diagnosis to final orthognathic surgery. The inclusion of topics such as basic science research, mission work, and outcome measures make this an all-in-one clinical companion with coverage that cannot be found anywhere else. With its distinct holistic approach and perspectives from skilled specialists in a variety of disciplines, Comprehensive Cleft Care presents an unmatched overview of cleft repair and management. Volume One of the book covers non-surgical issues including: Embryology, Anatomy, Classification, Epidemiology, and Genetics; Nursing topics, Neuropsychosocial and Educational Aspects, Otologic, Audilogic, and Airway Assessment and Management, Outcomes and Research. 410 0$aComprehensive Cleft Care. 606 $aCleft lip 606 $aCleft palate 606 $aCleft lip$xSurgery 606 $aCleft palate$xSurgery 615 0$aCleft lip. 615 0$aCleft palate. 615 0$aCleft lip$xSurgery. 615 0$aCleft palate$xSurgery. 676 $a617.522 700 $aAdetayo$b Oluwaseun A$4aut$4http://id.loc.gov/vocabulary/relators/aut$01593596 702 $aLosee$b Joseph E$4edt$4http://id.loc.gov/vocabulary/relators/edt 702 $aKirschner$b Richard E$4edt$4http://id.loc.gov/vocabulary/relators/edt 702 $aAntonarakis$b Gregory S$4aut$4http://id.loc.gov/vocabulary/relators/aut 702 $aBaker$b Stephen B$4aut$4http://id.loc.gov/vocabulary/relators/aut 702 $aBaylis$b Adriane L$4aut$4http://id.loc.gov/vocabulary/relators/aut 702 $aBeale$b Evan W$4aut$4http://id.loc.gov/vocabulary/relators/aut 702 $aBluestone$b Charles D$4aut$4http://id.loc.gov/vocabulary/relators/aut 702 $aBrecht$b Lawrence E$4aut$4http://id.loc.gov/vocabulary/relators/aut 702 $aBreen$b Mary$4aut$4http://id.loc.gov/vocabulary/relators/aut 702 $aBroder$b Hillary L$4aut$4http://id.loc.gov/vocabulary/relators/aut 702 $aBuchanan$b Edward P$4aut$4http://id.loc.gov/vocabulary/relators/aut 702 $aBurget$b Gary C$4aut$4http://id.loc.gov/vocabulary/relators/aut 702 $aByrd$b H. Steve$4aut$4http://id.loc.gov/vocabulary/relators/aut 702 $aCampbell$b Alex$4aut$4http://id.loc.gov/vocabulary/relators/aut 702 $aChen$b Philip Kuo-Ting$4aut$4http://id.loc.gov/vocabulary/relators/aut 702 $aChen$b Yu-Ray$4aut$4http://id.loc.gov/vocabulary/relators/aut 702 $aChibbaro$b Patricia Daly$4aut$4http://id.loc.gov/vocabulary/relators/aut 702 $aChong$b David K$4aut$4http://id.loc.gov/vocabulary/relators/aut 702 $aCladis$b Franklyn P$4aut$4http://id.loc.gov/vocabulary/relators/aut 702 $aCohen$b Marilyn A$4aut$4http://id.loc.gov/vocabulary/relators/aut 702 $aConrad$b Amy L$4aut$4http://id.loc.gov/vocabulary/relators/aut 702 $aCostello$b Bernard J$4aut$4http://id.loc.gov/vocabulary/relators/aut 702 $aCunningham$b Michael L$4aut$4http://id.loc.gov/vocabulary/relators/aut 702 $aCutler-Landsman$b Donna$4aut$4http://id.loc.gov/vocabulary/relators/aut 702 $aCutting$b Court B$4aut$4http://id.loc.gov/vocabulary/relators/aut 702 $aDailey$b Scott A$4aut$4http://id.loc.gov/vocabulary/relators/aut 702 $aDamian$b Daniela$4aut$4http://id.loc.gov/vocabulary/relators/aut 702 $aD?Antonio$b Linda L$4aut$4http://id.loc.gov/vocabulary/relators/aut 702 $aDaskalogiannakis$b John$4aut$4http://id.loc.gov/vocabulary/relators/aut 702 $aDeacon$b Scott A$4aut$4http://id.loc.gov/vocabulary/relators/aut 702 $aDiCairano$b Lauren$4aut$4http://id.loc.gov/vocabulary/relators/aut 702 $aEvans$b Kelly N$4aut$4http://id.loc.gov/vocabulary/relators/aut 702 $aFigueroa$b Alexander L$4aut$4http://id.loc.gov/vocabulary/relators/aut 702 $aFigueroa$b Alvaro A$4aut$4http://id.loc.gov/vocabulary/relators/aut 702 $aFisher$b David M$4aut$4http://id.loc.gov/vocabulary/relators/aut 702 $aFlores$b Roberto L$4aut$4http://id.loc.gov/vocabulary/relators/aut 702 $aFord$b Matthew D$4aut$4http://id.loc.gov/vocabulary/relators/aut 702 $aForrest$b Christopher R$4aut$4http://id.loc.gov/vocabulary/relators/aut 702 $aGaither$b Rebecca$4aut$4http://id.loc.gov/vocabulary/relators/aut 702 $aGage$b Earl A$4aut$4http://id.loc.gov/vocabulary/relators/aut 702 $aGarfinkle$b Judah S$4aut$4http://id.loc.gov/vocabulary/relators/aut 702 $aGoldstein$b Jesse A$4aut$4http://id.loc.gov/vocabulary/relators/aut 702 $aGosain$b Arun K$4aut$4http://id.loc.gov/vocabulary/relators/aut 702 $aGrames$b Lynn Marty$4aut$4http://id.loc.gov/vocabulary/relators/aut 702 $aGrayson$b Barry H$4aut$4http://id.loc.gov/vocabulary/relators/aut 702 $aGreene$b Robert M$4aut$4http://id.loc.gov/vocabulary/relators/aut 702 $aGustave$b Jodi E$4aut$4http://id.loc.gov/vocabulary/relators/aut 702 $aHavlik$b Robert J$4aut$4http://id.loc.gov/vocabulary/relators/aut 702 $aHeike$b Carrie L$4aut$4http://id.loc.gov/vocabulary/relators/aut 702 $aHelms$b Jill A$4aut$4http://id.loc.gov/vocabulary/relators/aut 702 $aHenry$b Cathy R$4aut$4http://id.loc.gov/vocabulary/relators/aut 702 $aHill$b Lyndon M$4aut$4http://id.loc.gov/vocabulary/relators/aut 702 $aHinton$b Virginia A$4aut$4http://id.loc.gov/vocabulary/relators/aut 702 $aHogg$b Nicholas J.V$4aut$4http://id.loc.gov/vocabulary/relators/aut 702 $aHollier J.r$b Larry H$4aut$4http://id.loc.gov/vocabulary/relators/aut 702 $aHopper$b Richard A$4aut$4http://id.loc.gov/vocabulary/relators/aut 702 $aHorswell$b Bruce B$4aut$4http://id.loc.gov/vocabulary/relators/aut 702 $aHuang$b Martin H.S$4aut$4http://id.loc.gov/vocabulary/relators/aut 702 $aHuebener$b Donald V$4aut$4http://id.loc.gov/vocabulary/relators/aut 702 $aJackson$b Oksana A$4aut$4http://id.loc.gov/vocabulary/relators/aut 702 $aJones$b David L$4aut$4http://id.loc.gov/vocabulary/relators/aut 702 $aJones$b Kenneth L$4aut$4http://id.loc.gov/vocabulary/relators/aut 702 $aJones$b Marilyn C$4aut$4http://id.loc.gov/vocabulary/relators/aut 702 $aKao$b Michael C$4aut$4http://id.loc.gov/vocabulary/relators/aut 702 $aKapp-Simon$b Kathleen A$4aut$4http://id.loc.gov/vocabulary/relators/aut 702 $aKauffman$b David E$4aut$4http://id.loc.gov/vocabulary/relators/aut 702 $aKawamoto Jr$b Henry K$4aut$4http://id.loc.gov/vocabulary/relators/aut 702 $aKaye$b Alison$4aut$4http://id.loc.gov/vocabulary/relators/aut 702 $aKlaiman$b Paula G$4aut$4http://id.loc.gov/vocabulary/relators/aut 702 $aKuehn$b David P$4aut$4http://id.loc.gov/vocabulary/relators/aut 702 $aKummer$b Ann W$4aut$4http://id.loc.gov/vocabulary/relators/aut 702 $aLanier$b Steven T$4aut$4http://id.loc.gov/vocabulary/relators/aut 702 $aLee$b Justine C$4aut$4http://id.loc.gov/vocabulary/relators/aut 702 $aLee$b Seng-Teik$4aut$4http://id.loc.gov/vocabulary/relators/aut 702 $aLee$b Shu-Jin$4aut$4http://id.loc.gov/vocabulary/relators/aut 702 $aLeslie$b Elizabeth J$4aut$4http://id.loc.gov/vocabulary/relators/aut 702 $aLi$b Jingtao$4aut$4http://id.loc.gov/vocabulary/relators/aut 702 $aLiou$b Eric J.W$4aut$4http://id.loc.gov/vocabulary/relators/aut 702 $aLohmander$b Anette$4aut$4http://id.loc.gov/vocabulary/relators/aut 702 $aLong Jr$b Ross E$4aut$4http://id.loc.gov/vocabulary/relators/aut 702 $aLupo$b Philip J$4aut$4http://id.loc.gov/vocabulary/relators/aut 702 $aMackay$b Donald R$4aut$4http://id.loc.gov/vocabulary/relators/aut 702 $aMarazita$b Mary L$4aut$4http://id.loc.gov/vocabulary/relators/aut 702 $aMarchac$b Alexandre$4aut$4http://id.loc.gov/vocabulary/relators/aut 702 $aMarsh$b Jeffrey L$4aut$4http://id.loc.gov/vocabulary/relators/aut 702 $aMazaheri$b Mohammad$4aut$4http://id.loc.gov/vocabulary/relators/aut 702 $aMcDonald-McGinn$b Donna M$4aut$4http://id.loc.gov/vocabulary/relators/aut 702 $aMenard$b Robert M$4aut$4http://id.loc.gov/vocabulary/relators/aut 702 $aMennuti$b Michael T$4aut$4http://id.loc.gov/vocabulary/relators/aut 702 $aMercado$b Ana M$4aut$4http://id.loc.gov/vocabulary/relators/aut 702 $aMichelotti$b Brett F$4aut$4http://id.loc.gov/vocabulary/relators/aut 702 $aMichienzi$b Joseph$4aut$4http://id.loc.gov/vocabulary/relators/aut 702 $aMitchell$b Laura E$4aut$4http://id.loc.gov/vocabulary/relators/aut 702 $aMonson$b Laura A$4aut$4http://id.loc.gov/vocabulary/relators/aut 702 $aMooney$b Mark P$4aut$4http://id.loc.gov/vocabulary/relators/aut 702 $aAl-Mufarrej$b Faisal$4aut$4http://id.loc.gov/vocabulary/relators/aut 702 $aMulliken$b John B$4aut$4http://id.loc.gov/vocabulary/relators/aut 702 $aNaran$b Sanjay$4aut$4http://id.loc.gov/vocabulary/relators/aut 702 $aNoordhoff$b M. Samuel$4aut$4http://id.loc.gov/vocabulary/relators/aut 702 $aNopoulos$b Peg C$4aut$4http://id.loc.gov/vocabulary/relators/aut 702 $aOtteson$b Todd D$4aut$4http://id.loc.gov/vocabulary/relators/aut 702 $aPereira$b Valerie$4aut$4http://id.loc.gov/vocabulary/relators/aut 702 $aPerry$b Jamie L$4aut$4http://id.loc.gov/vocabulary/relators/aut 702 $aPisano$b M. Michele$4aut$4http://id.loc.gov/vocabulary/relators/aut 702 $aPolley$b John W$4aut$4http://id.loc.gov/vocabulary/relators/aut 702 $aProbst$b Gretchen$4aut$4http://id.loc.gov/vocabulary/relators/aut 702 $aRamsey$b Barry L$4aut$4http://id.loc.gov/vocabulary/relators/aut 702 $aRandall$b Peter$4aut$4http://id.loc.gov/vocabulary/relators/aut 702 $aRansom$b Ryan C$4aut$4http://id.loc.gov/vocabulary/relators/aut 702 $aReisberg$b David J$4aut$4http://id.loc.gov/vocabulary/relators/aut 702 $aRepaske$b Lisa L$4aut$4http://id.loc.gov/vocabulary/relators/aut 702 $aRicciardi$b Dina$4aut$4http://id.loc.gov/vocabulary/relators/aut 702 $aRichman$b Lynn C$4aut$4http://id.loc.gov/vocabulary/relators/aut 702 $aRodriguez$b Jasmine Y$4aut$4http://id.loc.gov/vocabulary/relators/aut 702 $aRuiz$b Ramon L$4aut$4http://id.loc.gov/vocabulary/relators/aut 702 $aSabo$b Diane L$4aut$4http://id.loc.gov/vocabulary/relators/aut 702 $aSalkowitz$b Susan M$4aut$4http://id.loc.gov/vocabulary/relators/aut 702 $aSalyer$b Kenneth E$4aut$4http://id.loc.gov/vocabulary/relators/aut 702 $aSamson$b Thomas$4aut$4http://id.loc.gov/vocabulary/relators/aut 702 $aScherer$b Nancy J$4aut$4http://id.loc.gov/vocabulary/relators/aut 702 $aSell$b Debbie$4aut$4http://id.loc.gov/vocabulary/relators/aut 702 $aSemb$b Gunvor$4aut$4http://id.loc.gov/vocabulary/relators/aut 702 $aShaw$b William C$4aut$4http://id.loc.gov/vocabulary/relators/aut 702 $aSheikh$b Farah$4aut$4http://id.loc.gov/vocabulary/relators/aut 702 $aSherman$b Randy$4aut$4http://id.loc.gov/vocabulary/relators/aut 702 $aSie$b Kathleen C.Y$4aut$4http://id.loc.gov/vocabulary/relators/aut 702 $aSischo$b Lacey$4aut$4http://id.loc.gov/vocabulary/relators/aut 702 $aSmith$b Darren M$4aut$4http://id.loc.gov/vocabulary/relators/aut 702 $aSommerlad$b Brian C$4aut$4http://id.loc.gov/vocabulary/relators/aut 702 $aSplaingard$b Mark$4aut$4http://id.loc.gov/vocabulary/relators/aut 702 $aStrauss$b Ronald P$4aut$4http://id.loc.gov/vocabulary/relators/aut 702 $aTaub$b Peter J$4aut$4http://id.loc.gov/vocabulary/relators/aut 702 $aTragos$b Christina$4aut$4http://id.loc.gov/vocabulary/relators/aut 702 $aVig$b Katherine W.L$4aut$4http://id.loc.gov/vocabulary/relators/aut 702 $aWarner$b Dennis R$4aut$4http://id.loc.gov/vocabulary/relators/aut 702 $aWatkins$b Stephanie E$4aut$4http://id.loc.gov/vocabulary/relators/aut 702 $aWeinberg$b Seth M$4aut$4http://id.loc.gov/vocabulary/relators/aut 702 $aWong$b Karen W.Y$4aut$4http://id.loc.gov/vocabulary/relators/aut 702 $aZackai$b Elaine H$4aut$4http://id.loc.gov/vocabulary/relators/aut 801 0$bDE-2912 906 $aBOOK 912 $a9910824110003321 996 $aComprehensive Cleft Care, Volume 1$93917772 997 $aUNINA